| 000 | 00849nab a2200253 u 4500 | ||
|---|---|---|---|
| 001 | 12200 | ||
| 003 | HDC | ||
| 007 | cr bn ---aaaaa | ||
| 008 | 210209c20120412my dr|nes 0 a eng d | ||
| 040 | _aHDC | ||
| 100 |
_aSim, Bak Heng _eauthor _912661 |
||
| 245 | 0 |
_aManufacturing to drive Johor / by _cSim Bak Heng |
|
| 260 |
_aKuala Lumpur : _bThe New Straits Times Press (M) Bhd., _c2012 |
||
| 336 |
_atext _2rdacontent |
||
| 337 |
_acomputer _2rdamedia |
||
| 338 |
_aonline resource _2rdacarrier |
||
| 650 |
_aeconomic growth _94226 |
||
| 650 |
_aManufacturing industry _97738 |
||
| 710 | _aNew Staits Times | ||
| 856 | _zRequest full-text at [email protected] | ||
| 942 | _2lcc | ||
| 942 | _cNEWS | ||
| 942 | _kNWSC 000149 | ||
| 999 |
_c9523 _d9523 |
||